[Event "2010 -TURNAMENT"]
[Site "SchemingMind.com"]
[Date "2010.01.01"]
[Round "-"]
[White "MOIMOI"]
[Black "Schaakmaatje"]
[Result "0-1"]
[WhiteCountry "POL"]
[BlackCountry "NED"]
[WhiteElo "1599"]
[WhiteRD "54"]
[BlackElo "1715"]
[BlackRD "50"]
[GameID "232636"]

1. c4 Nf6 2. d4 e6 3. Bg5 h6 4. Bh4 d5 5. a3 Nc6 6. cxd5 exd5 7. e3 Be7 8. h3 a6 9. Be2 Ne4 10. Bxe7 Nxe7
11. Nf3 O-O 12. Nc3 Bf5 13. Nh4 Bh7 14. Bd3 Qd6 15. Qf3 f5 16. g3 g5 17. Ng2 Rf7 18. Qe2 Raf8 19. f4 Nxg3 20. Qf1 Nxf1
21. Rxf1 g4 22. h4 c5 23. h5 cxd4 24. exd4 Nc6 25. Ne2 Re8 26. O-O-O Rc7 27. Kb1 Na5 28. Nh4 Nc4 29. Bxc4 Rxc4 30. Ng3 Qb6
31. Nhxf5 Bxf5+ 32. Nxf5 Re2 33. b4 Rxb4+ 34. axb4 Qxb4+
0-1

[Event "2010 -TURNAMENT"]
[Site "SchemingMind.com"]
[Date "2009.12.28"]
[Round "-"]
[White "rougon"]
[Black "calidore"]
[Result "1-0"]
[WhiteCountry "USA"]
[BlackCountry "ISR"]
[WhiteElo "1877"]
[WhiteRD "74"]
[BlackElo "1437"]
[BlackRD "59"]
[GameID "232669"]

1. d4 Nf6 2. c4 e6 3. Nc3 d5 4. Bg5 Be7 5. Nf3 O-O 6. e3 Ne4 7. Bxe7 Qxe7 8. cxd5 Nxc3 9. d6 cxd6 10. bxc3 b6
11. Bd3 Bb7 12. O-O h6 13. Qc2 Nc6 14. e4 Rac8 15. Qe2 Na5 16. Rac1 d5 17. e5 Nc4 18. Nd2 b5 19. f4 Qa3 20. Nb3 Qe7
21. Nc5 a6 22. f5 exf5 23. Bxf5 Rc7 24. Qg4 Nxe5 25. dxe5 Qxc5+ 26. Kh1 Bc8 27. e6 Bxe6 28. Bxe6
1-0

[Event "2010 -TURNAMENT"]
[Site "SchemingMind.com"]
[Date "2010.01.02"]
[Round "-"]
[White "rougon"]
[Black "Schaakmaatje"]
[Result "1-0"]
[WhiteCountry "USA"]
[BlackCountry "NED"]
[WhiteElo "1828"]
[WhiteRD "75"]
[BlackElo "1680"]
[BlackRD "47"]
[GameID "232670"]

1. e4 e6 2. d4 d5 3. Nc3 Nf6 4. e5 Nfd7 5. f4 c5 6. Nf3 a6 7. Be3 cxd4 8. Nxd4 Nc6 9. Nce2 Qb6 10. b3 Nxd4
11. c3 Be7 12. Bxd4 Bc5 13. Ng3 Bxd4 14. Qxd4 O-O 15. Bd3 Qxd4 16. cxd4 a5 17. O-O b6 18. Rac1 a4 19. f5 axb3 20. axb3 Ba6
21. Bxa6 Rxa6 22. Rc7 Rd8 23. fxe6 fxe6 24. Rc6 Nf8 25. Ne2 Ra2 26. Nf4
1-0

[Event "2010 -TURNAMENT"]
[Site "SchemingMind.com"]
[Date "2009.12.28"]
[Round "-"]
[White "rougon"]
[Black "MOIMOI"]
[Result "1-0"]
[WhiteCountry "USA"]
[BlackCountry "POL"]
[WhiteElo "1828"]
[WhiteRD "75"]
[BlackElo "1568"]
[BlackRD "51"]
[GameID "232671"]

1. e4 d6 2. d4 Nf6 3. Nc3 Bg4 4. f3 Bh5 5. Bd3 Nc6 6. Nge2 e5 7. Be3 d5 8. exd5 Nxd5 9. Nxd5 Qxd5 10. Be4 Qb5
11. d5 Na5 12. b3 Bb4+ 13. c3 Bd6 14. O-O Qd7 15. c4 c5 16. Ng3 Bg6 17. Qd2 b6 18. Qd3 Bxe4 19. fxe4 g6 20. Bh6 O-O-O
21. Qf3 f5 22. exf5 gxf5 23. Qxf5 Bf8 24. Qxd7+ Kxd7 25. Bg5 Re8 26. Rf7+ Kc8 27. Ne4 Nb7 28. Raf1 Bd6 29. Rxb7 Bb8 30. Rff7 Ref8
31. d6 Rxf7 32. Rxf7 Bxd6 33. Nxd6+ Kb8 34. Bf6 Rg8 35. Bxe5 Rd8 36. Nb7+
1-0

[Event "2010 -TURNAMENT"]
[Site "SchemingMind.com"]
[Date "2009.12.28"]
[Round "-"]
[White "calidore"]
[Black "rougon"]
[Result "0-1"]
[WhiteCountry "ISR"]
[BlackCountry "USA"]
[WhiteElo "1437"]
[WhiteRD "59"]
[BlackElo "1877"]
[BlackRD "74"]
[GameID "232672"]

1. e4 e6 2. d4 d5 3. e5 c5 4. c3 Nc6 5. Nf3 Qb6 6. Bd3 Nh6 7. O-O Bd7 8. Re1 Nf5 9. Bxf5 exf5 10. a3 cxd4
11. cxd4 Be6 12. Nc3 Be7 13. b4 O-O 14. Be3 Rac8 15. Rc1 a6 16. Na4 Qb5 17. Nc5 b6 18. Nxe6 fxe6 19. Bg5 Rf7 20. Bxe7 Rxe7
21. Ng5 h6 22. Nf3 Rec7 23. h3 a5 24. bxa5 Qxa5 25. Re3 Nxd4
0-1

[Event "2010 -TURNAMENT"]
[Site "SchemingMind.com"]
[Date "2010.01.02"]
[Round "-"]
[White "Schaakmaatje"]
[Black "rougon"]
[Result "0-1"]
[WhiteCountry "NED"]
[BlackCountry "USA"]
[WhiteElo "1680"]
[WhiteRD "47"]
[BlackElo "1828"]
[BlackRD "75"]
[GameID "232673"]

1. g4 d5 2. Bg2 e5 3. d4 e4 4. c4 c6 5. h3 f5 6. cxd5 cxd5 7. gxf5 Bxf5 8. e3 Nf6 9. Nc3 Bd6 10. Qb3 Qb6
11. Nxd5 Qxb3 12. axb3 Nxd5
0-1

[Event "2010 -TURNAMENT"]
[Site "SchemingMind.com"]
[Date "2009.12.28"]
[Round "-"]
[White "MOIMOI"]
[Black "rougon"]
[Result "0-1"]
[WhiteCountry "POL"]
[BlackCountry "USA"]
[WhiteElo "1568"]
[WhiteRD "51"]
[BlackElo "1828"]
[BlackRD "75"]
[GameID "232674"]

1. Nf3 d5 2. d4 Nf6 3. Bg5 e6 4. e3 c5 5. Bb5+ Nc6 6. O-O Be7 7. dxc5 Bxc5 8. Ne5 Qb6 9. Bxc6+ bxc6 10. b3 Ne4
11. Bh4 O-O 12. Nd2 Nc3 13. Qg4 f6 14. Nef3 e5 15. Qh5 e4 16. Ne1 Bxe3 17. fxe3 Qxe3+ 18. Kh1 g6 19. Bf2 Qxd2 20. Qh4 Ba6
21. Bc5 Bxf1 22. Bxf8 Rxf8 23. Qg4 f5 24. Qg3 Nd1 25. Qd6 Qd4 26. Rxd1 Bxg2+ 27. Kxg2 Qxd1 28. Qe6+ Rf7 29. Qe8+ Kg7 30. Qe5+ Kh6
31. Qf4+ g5 32. Qg3 Qg4 33. Qxg4 fxg4 34. Kg3 Rf1 35. Ng2 Rc1 36. c4 Rc2 37. a3 d4
0-1

[Event "2010 -TURNAMENT"]
[Site "SchemingMind.com"]
[Date "2009.12.30"]
[Round "-"]
[White "PStuart"]
[Black "rougon"]
[Result "1/2-1/2"]
[WhiteCountry "USA"]
[BlackCountry "USA"]
[WhiteElo "1790"]
[WhiteRD "71"]
[BlackElo "1877"]
[BlackRD "74"]
[GameID "232984"]

1. d4 d5 2. Nf3 Nf6 3. e3 Bg4 4. h3 Bh5 5. Bd3 e6 6. c3 c5 7. O-O Bd6 8. Nbd2 O-O 9. Re1 Nc6 10. Qc2 cxd4
11. exd4 Rc8 12. g4 Nb4 13. Qb1 Nxd3 14. Qxd3 Bg6 15. Qe2 Re8 16. Ne5 Nd7 17. Nxg6 hxg6 18. Nf3 f6 19. Qd3 f5 20. Bg5 Nf6
21. Ne5 Qc7 22. f3 Nh7 23. Bd2 Bxe5 24. Rxe5 Ng5 25. Kg2 Nf7 26. Re2 Nd6 27. Bf4 Qc4 28. Qe3 Qc6 29. Bxd6 Qxd6 30. Qg5 Kf7
31. Rae1 Qa6 32. a3 Qc4 33. Re5 Qd3 34. gxf5 gxf5 35. Qe3 Qxe3 36. R1xe3 g5 37. Re1 Rc6 38. Kg3 Rb6 39. R1e2 Rh8 40. Kg2 Rh4
41. Kg3 Rf4 42. Kg2 g4 43. hxg4 fxg4 44. R5e3 gxf3+ 45. Rxf3 Rxf3 46. Kxf3 Rc6 47. Kf4 Kf6 48. Rh2 a5=
1/2-1/2

[Event "2010 -TURNAMENT"]
[Site "SchemingMind.com"]
[Date "2010.01.04"]
[Round "-"]
[White "PStuart"]
[Black "Schaakmaatje"]
[Result "0-1"]
[WhiteCountry "USA"]
[BlackCountry "NED"]
[WhiteElo "1790"]
[WhiteRD "71"]
[BlackElo "1676"]
[BlackRD "50"]
[GameID "232986"]

1. d4 d5 2. Nf3 Nf6 3. Bf4 Nc6 4. e3 Bf5 5. c3 e6 6. Bd3 Bxd3 7. Qxd3 Be7 8. Nbd2 Bd6 9. O-O O-O 10. Rfe1 h6
11. Ne5 Ne7 12. Ndf3 c5 13. h3 Rc8 14. Rad1 c4 15. Qc2 Ne4 16. Nd2 Nxd2 17. Rxd2 Bxe5 18. Bxe5 Ng6 19. Bh2 b5 20. e4 a5
21. e5 b4 22. Rde2 Qg5 23. Bg3 Nf4 24. Bxf4 Qxf4 25. Re3 Qh4 26. Qe2 Rb8 27. Qf3 bxc3 28. bxc3 Rb2 29. R3e2 Rfb8 30. Qe3 Qe7
31. Rxb2 Rxb2 32. Re2 Qa3
0-1

[Event "2010 -TURNAMENT"]
[Site "SchemingMind.com"]
[Date "2009.12.30"]
[Round "-"]
[White "rougon"]
[Black "PStuart"]
[Result "1-0"]
[WhiteCountry "USA"]
[BlackCountry "USA"]
[WhiteElo "1828"]
[WhiteRD "75"]
[BlackElo "1787"]
[BlackRD "80"]
[GameID "232988"]

1. d4 d5 2. c4 c6 3. Nc3 Nf6 4. cxd5 cxd5 5. Bf4 a6 6. e3 Bf5 7. Bd3 Bxd3 8. Qxd3 e6 9. Nf3 Bd6 10. Bxd6 Qxd6
11. O-O O-O 12. e4 dxe4 13. Nxe4 Nxe4 14. Qxe4 Qd5 15. Qxd5 exd5 16. Ne5 f6 17. Ng4 Nc6 18. Ne3 Nxd4 19. Rad1 Ne2+ 20. Kh1 d4
21. Nf5 Rad8 22. Rfe1 d3 23. g3 g6 24. Ne3 f5 25. Kg2 f4 26. Nc4 f3+ 27. Kf1 b5 28. Nd2 Rfe8 29. Nxf3 Kg7= 30. Rd2
1-0

[Event "2010 -TURNAMENT"]
[Site "SchemingMind.com"]
[Date "2010.01.04"]
[Round "-"]
[White "Schaakmaatje"]
[Black "PStuart"]
[Result "1-0"]
[WhiteCountry "NED"]
[BlackCountry "USA"]
[WhiteElo "1676"]
[WhiteRD "50"]
[BlackElo "1790"]
[BlackRD "71"]
[GameID "232990"]

1. d4 d5 2. c4 c6 3. Nc3 Nf6 4. Nf3 Bf5 5. Bf4 e6 6. e3 Bd6 7. Bxd6 Qxd6 8. c5 Qc7 9. Be2 O-O 10. O-O Nbd7
11. h3 h6 12. Nd2 Rfe8 13. b4 e5 14. b5 exd4 15. exd4 Re7 16. a4 Rae8 17. a5 Nf8 18. Nf3 Ne4 19. Nxe4 Bxe4 20. b6 Qb8
21. a6 bxa6 22. Rxa6 axb6 23. Rxb6 Qc7 24. Ne5
1-0

[Event "2010 -TURNAMENT"]
[Site "SchemingMind.com"]
[Date "2009.12.30"]
[Round "-"]
[White "Finan"]
[Black "rougon"]
[Result "0-1"]
[WhiteCountry "USA"]
[BlackCountry "USA"]
[WhiteElo "1691"]
[WhiteRD "86"]
[BlackElo "1877"]
[BlackRD "74"]
[GameID "233012"]

1. e4 e6 2. d4 d5 3. e5 c5 4. Qg4 f5 5. exf6 Nxf6 6. Bb5+ Bd7 7. Bxd7+ Qxd7 8. Qh4 cxd4 9. Qxd4 Nc6 10. Qh4 Nb4
11. Na3 Rc8 12. Kd1 Qc6 13. Bd2 Ne4 14. Rc1 Nxa2 15. f3 Nxd2 16. Kxd2 Nxc1 17. Ne2 Nxe2 18. Kxe2 Bxa3 19. Qd4 Qxc2+
0-1

[Event "2010 -TURNAMENT"]
[Site "SchemingMind.com"]
[Date "2010.01.04"]
[Round "-"]
[White "Finan"]
[Black "Schaakmaatje"]
[Result "0-1"]
[WhiteCountry "USA"]
[BlackCountry "NED"]
[WhiteElo "1668"]
[WhiteRD "84"]
[BlackElo "1762"]
[BlackRD "46"]
[GameID "233014"]

1. e4 Nc6 2. Nf3 d6 3. d4 g6 4. d5 Ne5 5. Nxe5 dxe5 6. Bb5+ Bd7 7. Qd3 Nf6 8. O-O Bg7 9. Na3 O-O 10. Bxd7 Qxd7
11. h3 c5 12. Nc4 b5 13. Nxe5 Qd6 14. Bf4 c4 15. Qd4 Nd7 16. Nxd7 Qxd7 17. Qe3 a6 18. c3 Rad8 19. Qb6 Ra8 20. Rad1 Qa7
21. Qxa7 Rxa7 22. d6 exd6 23. Rxd6 Re8 24. Rfd1 Be5 25. Bxe5 Rxe5 26. Rd8+ Kg7 27. Rc8 Rxe4 28. b4 Rae7 29. Kf1 Re2 30. Ra1 Rc2
31. a4 Rxc3 32. axb5 axb5 33. Rc5 Rb7 34. Rb1 Rd3 35. g3 Rdd7 36. Kg2 Rd3 37. h4 h5 38. Kf1 Kf8 39. Ke2 Ke7 40. Re5+ Kd6
41. Re3 Re7 42. Rxe7 Kxe7 43. Rd1 Rb3 44. Kd2 Rd3+ 45. Kc2 Rxd1 46. Kxd1 Ke6 47. Ke2 Kd5 48. Ke3 f5 49. f3 Ke5 50. f4+ Kd5
51. Kd2 Kd4 52. Kc2 Ke3
0-1

[Event "2010 -TURNAMENT"]
[Site "SchemingMind.com"]
[Date "2009.12.30"]
[Round "-"]
[White "Finan"]
[Black "PStuart"]
[Result "0-1"]
[WhiteCountry "USA"]
[BlackCountry "USA"]
[WhiteElo "1651"]
[WhiteRD "85"]
[BlackElo "1833"]
[BlackRD "74"]
[GameID "233015"]

1. e4 c6 2. d4 d5 3. e5 Bf5 4. c4 e6 5. Nc3 Bb4 6. Qb3 Bxc3+ 7. Qxc3 Nd7 8. Ne2 Ne7 9. Ng3 Bg6 10. Be2 O-O
11. O-O dxc4 12. Bg5 Re8 13. Bxc4 Qc7 14. Rad1 Rac8 15. Rd2 Nd5 16. Bxd5 cxd5 17. Rc1 Qxc3 18. bxc3 b5 19. a3 Nb6 20. Rb2 a6
21. h4 h6 22. h5 Bh7 23. Be3 Na4 24. Rb3 Rc4 25. Rb4 Rxc3 26. Rxc3 Nxc3 27. Bd2 Na4 28. f4 Rc8 29. Kf2 Rc2 30. Nf1 Bd3
31. Ke1 Bxf1 32. Kxf1 Rxd2 33. g4 Rb2 34. g5 a5 35. Rxb2 Nxb2 36. Ke2 Nc4 37. Kd3 Nxa3 38. Kc3 Nc4 39. g6 fxg6 40. hxg6 h5
41. f5 exf5
0-1

[Event "2010 -TURNAMENT"]
[Site "SchemingMind.com"]
[Date "2010.01.03"]
[Round "-"]
[White "Finan"]
[Black "MOIMOI"]
[Result "0-1"]
[WhiteCountry "USA"]
[BlackCountry "POL"]
[WhiteElo "1649"]
[WhiteRD "84"]
[BlackElo "1599"]
[BlackRD "54"]
[GameID "233016"]

1. e4 d5 2. Nc3 dxe4 3. Nxe4 e5 4. Nf3 Bg4 5. Be2 f5 6. Nxe5 Bxe2 7. Qxe2 fxe4 8. Qxe4 Qe7 9. d4 Nf6 10. Qxb7 Qb4+
11. Qxb4 Bxb4+ 12. c3 Bd6 13. O-O O-O 14. Bf4 Ne4 15. Be3 Bxe5 16. dxe5 Nc6 17. f4 Ne7 18. Rad1 Nf5 19. Rd3 Nxe3 20. Rxe3 Nd2
21. Rf2 Nc4 22. Rd3 Rad8 23. Rd4 Ne3 24. Rxd8 Rxd8 25. Rf3 Rd1+ 26. Kf2 Nf5 27. Ke2 Rb1 28. Rd3 Rxb2+ 29. Rd2 Rxd2+ 30. Kxd2 Kf7
31. g4 Ne7 32. f5 g6 33. e6+ Kf6 34. Ke3 gxf5 35. Kf4 Kxe6 36. gxf5+ Nxf5 37. Kg5 c5 38. h4 h6+ 39. Kh5 Kd5 40. Kg4 Ne3+
41. Kh5 Kc4 42. Kxh6 Nf5+ 43. Kg5 Nxh4 44. Kxh4 Kxc3 45. a4 Kb4 46. Kg3 Kxa4 47. Kf2 Kb4 48. Ke1 Kb3 49. Kd2 c4 50. Kc1 c3
0-1

[Event "2010 -TURNAMENT"]
[Site "SchemingMind.com"]
[Date "2010.01.02"]
[Round "-"]
[White "rougon"]
[Black "Finan"]
[Result "1-0"]
[WhiteCountry "USA"]
[BlackCountry "USA"]
[WhiteElo "1877"]
[WhiteRD "74"]
[BlackElo "1691"]
[BlackRD "86"]
[GameID "233017"]

1. d4 d5 2. c4 Nc6 3. Nc3 dxc4 4. Nf3 e6 5. e4 Bb4 6. Bxc4 Nf6 7. e5 Nd5 8. Qc2 Nb6 9. Bb5 Bd7 10. O-O Qe7
11. Bg5 f6 12. exf6 gxf6 13. Bh4 Qg7 14. Ne4 Nd5 15. a3 Nf4 16. Nxf6+ Ke7 17. Nh5+
1-0

[Event "2010 -TURNAMENT"]
[Site "SchemingMind.com"]
[Date "2010.01.04"]
[Round "-"]
[White "Schaakmaatje"]
[Black "Finan"]
[Result "1/2-1/2"]
[WhiteCountry "NED"]
[BlackCountry "USA"]
[WhiteElo "1762"]
[WhiteRD "46"]
[BlackElo "1668"]
[BlackRD "84"]
[GameID "233019"]

1. g4 e5 2. Bg2 h5 3. gxh5 Rxh5 4. d4 d5 5. dxe5 Rxe5 6. Nf3 Rh5 7. Bf4 Nc6 8. Nc3 Bb4 9. a3 Bxc3+ 10. bxc3 Nf6
11. e3 Ne4 12. Qd3 Bf5 13. Qb5 Nd6 14. Bxd6 cxd6 15. Qxb7 Ne7 16. Qb5+ Qd7 17. Qb3 Bh3 18. Bxh3 Qxh3 19. Qa4+ Kf8 20. Nd4 Qg2
21. Ke2 Nf5 22. Qc6 Nxd4+ 23. cxd4 Rd8 24. Rag1 Qe4 25. f3 Qe7 26. Rg2 Re8 27. Qc3 Qb7 28. Rhg1 g6 29. Qb3 Qa6+ 30. Qd3 Qc4
31. Qxc4 dxc4 32. e4 d5 33. e5 f6 34. f4 g5 35. Kf3 Rh4 36. fxg5 fxe5 37. dxe5 Rxe5 38. Rf1 Kg7 39. Rff2 Ree4 40. Re2 Rhf4+
41. Kg3 Rg4+=
1/2-1/2

[Event "2010 -TURNAMENT"]
[Site "SchemingMind.com"]
[Date "2010.01.02"]
[Round "-"]
[White "PStuart"]
[Black "Finan"]
[Result "1/2-1/2"]
[WhiteCountry "USA"]
[BlackCountry "USA"]
[WhiteElo "1833"]
[WhiteRD "74"]
[BlackElo "1651"]
[BlackRD "85"]
[GameID "233020"]

1. d4 d5 2. Nf3 Bg4 3. Ne5 Be6 4. e3 Nd7 5. f4 Nxe5 6. fxe5 f6 7. exf6 gxf6 8. Bd3 Qd6 9. O-O O-O-O 10. Qf3 h5
11. Nc3 h4 12. Bf5 h3 13. g3 Bxf5 14. Qxf5+ e6 15. Qf4 Qxf4 16. exf4 f5 17. Re1 Re8 18. Nb5 Kd7 19. Bd2 a6 20. Nc3 Bg7
21. Be3 Nh6 22. Nd1 Ng4 23. c3 Bf6 24. Nf2 Reg8 25. Nxg4 Rxg4 26. Bf2 Be7 27. Re2 b6 28. Rae1 Rh6 29. Be3 Bh4 30. Kh1 Be7
31. Bd2 Rhg6 32. Rf1 c5 33. Be3 c4 34. Bd2 Rg8 35. Rg1 a5 36. Be3 b5 37. Bd2 Rb8 38. Be1 b4 39. Bd2 Bd6 40. Rf1 b3
41. a3 a4 42. Rb1 Rg6 43. Be3 Be7=
1/2-1/2

[Event "2010 -TURNAMENT"]
[Site "SchemingMind.com"]
[Date "2010.01.03"]
[Round "-"]
[White "MOIMOI"]
[Black "Finan"]
[Result "1-0"]
[WhiteCountry "POL"]
[BlackCountry "USA"]
[WhiteElo "1599"]
[WhiteRD "54"]
[BlackElo "1649"]
[BlackRD "84"]
[GameID "233021"]

1. Nf3 d5 2. c3 Nf6 3. d4 c5 4. dxc5 Qc7 5. b4 e5 6. g3 Bd7 7. Bg2 b6 8. cxb6 axb6 9. Bb2 Ba4 10. Qd3 Be7
11. O-O O-O 12. Ng5 e4 13. Qd4 Nc6 14. Qe3 Ng4 15. Qc1 Bb5 16. Re1 h6 17. Nh3 Rfd8 18. Nf4 Bg5 19. h4 Bxf4 20. Qxf4 Nce5
21. c4 Bxc4 22. Bh3 Ra7 23. Bxg4 Nxg4 24. Qxg4 f6 25. a3 Rf8 26. Bc1 g5 27. Nd2 f5 28. Qh5 Qg7 29. Nxc4 dxc4 30. Be3 Qf6
31. hxg5 hxg5 32. Bxg5 Qg7 33. Bh6 Qh7 34. Qg5+ Rg7 35. Bxg7 Qxg7 36. Qxg7+ Kxg7 37. Rec1 b5 38. a4 Rb8 39. axb5 Rxb5 40. Rxc4 Kg6
41. Ra6+ Kg5 42. Ra5
1-0